| 000 | 00486cam a22001934a 4500 | ||
|---|---|---|---|
| 005 | 20250605164151.0 | ||
| 008 | 250528s ||||||||||||||||||||||||d | ||
| 035 | _a19400 | ||
| 020 | _a9602862297 | ||
| 040 |
_aGR-AtMCL _bgre _dGR-AtMCL _eAACR2 |
||
| 245 | 1 | _aΑΜΕΣΟ ΜΑΡΚΕΤΙΝΓΚ | |
| 250 | _a1 | ||
| 260 |
_bΈλλην, _c1996 |
||
| 300 | _a203 | ||
| 700 | 1 |
_aΓεωργακας Κωνσταντινος _95649 |
|
| 942 | _cBK | ||
| 999 |
_c4656 _d4656 |
||